Programmes TF1 du Lundi au Dimanche - Statistiques

Statistiques générales
  • Ce quiz a été pris 387 fois
  • Le résultat moyen est 14 sur 36
Statistiques - réponses
Réponse % Correct
Journal
90%
Météo
76%
Demain nous appartient
70%
Les Douze Coups de Midi
70%
TFou
70%
Ici tout Commence
57%
Koh Lanta
57%
C'est Canteloup
54%
The Voice, la plus Belle Voix
54%
Téléshopping
51%
Bonjour ! La Matinale TF1
50%
Petits Plats en équilibre
49%
Sept à Huit
49%
Sept à Huit Life
49%
Téléshopping Samedi
49%
Plus belle la Vie, encore plus Belle
48%
Les Feux de l'Amour
45%
Téléfoot
45%
Grands Reportages
44%
Automoto
43%
Danse avec les Stars
43%
50mn Inside
42%
50mn Inside le Mag
42%
Reportages Découverte
35%
Familles Nombreuses : la Vie en XXL
32%
Tirage du Loto
32%
My Million
27%
Amour, Gloire et Beauté
25%
Les Docs du Week-end
17%
TF1, Rendez-vous Sport
7%
Darooma
4%
Détox ta maison, 7 jours pour tout ranger
3%
L'aventure Ultim
3%
Le Goût du Détail
3%
Les Nouveaux Modèles
3%
Nés pour bouger
3%
Aucun quiz correspondant
Distribution des résultats
% des personnes avec chaque résultat
Percentile par nombre de réponses
Votre historique - résultats
Vous n’avez pas pris ce quiz